| 000 | 01168cam a2200289 a 4500 | ||
|---|---|---|---|
| 001 | 2879839 | ||
| 003 | AUA.1 | ||
| 005 | 20140117111729.0 | ||
| 008 | 861021t19861983oru b 000 0 eng | ||
| 010 | _a 86028437 | ||
| 020 | _a0880701870 (pbk.) : | ||
| 040 |
_aDLC _cDLC _dDLC |
||
| 050 | 0 | 0 |
_aBS 1430.2 _b.A36 1983 |
| 082 | 0 | 0 |
_a223/.2015 _219 |
| 100 | 1 |
_aAllen, Ronald Barclay. _939611 |
|
| 245 | 1 | 0 |
_aRediscovering prophecy : _ba new song for a new kingdom / _cRonald B. Allen. |
| 260 |
_aPortland, Or. : _bMultnomah Press, _c[1986], c1983. |
||
| 300 |
_a xi, 239 p. ; _c21 cm. |
||
| 500 | _aRev. ed. of: When song is new. 1983. | ||
| 504 | _aIncludes bibliographical references. | ||
| 630 | 0 | 0 |
_aBible. _pPsalms _xCriticism, interpretation, etc. _939612 |
| 630 | 0 | 0 |
_aBible. _pPsalms _xProphecies. _939613 |
| 700 | 1 |
_aAllen, Ronald Barclay. _tWhen song is new. _939614 |
|
| 906 |
_a7 _bcbc _corignew _d1 _eocip _f19 _gy-gencatlg |
||
| 942 |
_2lcc _cBOOK _hBS 1430.2 _i.A36 1983 |
||
| 999 |
_c10950 _d10950 |
||